<?xml version="1.0" encoding="UTF-8"?>
<record
    xmlns:xsi="http://www.w3.org/2001/XMLSchema-instance"
    xsi:schemaLocation="http://www.loc.gov/MARC21/slim http://www.loc.gov/standards/marcxml/schema/MARC21slim.xsd"
    xmlns="http://www.loc.gov/MARC21/slim">

  <leader>01054nam a2200229 i 4500</leader>
  <controlfield tag="001">188955</controlfield>
  <controlfield tag="003">ES-MaACL</controlfield>
  <controlfield tag="005">20251220174059.0</controlfield>
  <controlfield tag="008">190305s1982    sp           |||| | spa d</controlfield>
  <datafield tag="100" ind1="1" ind2=" ">
    <subfield code="a">Leffe, Enrique.</subfield>
    <subfield code="9">166534</subfield>
  </datafield>
  <datafield tag="245" ind1="1" ind2="0">
    <subfield code="a">Sobre la articulaci&#xF3;n de las ciencias en la relaci&#xF3;n naturaleza-sociedad / </subfield>
    <subfield code="c">Enrique Leff.</subfield>
  </datafield>
  <datafield tag="260" ind1=" " ind2=" ">
    <subfield code="a">[Madrid : </subfield>
    <subfield code="b">CIFCA, </subfield>
    <subfield code="c">1982?]</subfield>
  </datafield>
  <datafield tag="300" ind1=" " ind2=" ">
    <subfield code="a">47 p. ; </subfield>
    <subfield code="c">30 cm.</subfield>
  </datafield>
  <datafield tag="490" ind1="1" ind2=" ">
    <subfield code="a">Opiniones. Sectores espec&#xED;ficos ; </subfield>
    <subfield code="v">5</subfield>
  </datafield>
  <datafield tag="500" ind1=" " ind2=" ">
    <subfield code="a">Este documento fue presentado en el Seminario sobre Ciencia, Investigaci&#xF3;n y Medio Ambiente, organizado conjuntamente por el CIFCA y COLCIENCIAS, que se celebr&#xF3; en Bogot&#xE1;, Colombia, del 25 al 30 de enero de 1982.</subfield>
  </datafield>
  <datafield tag="650" ind1="0" ind2="4">
    <subfield code="a">Medio ambiente.</subfield>
    <subfield code="9">14947</subfield>
  </datafield>
  <datafield tag="710" ind1="2" ind2=" ">
    <subfield code="a">Centro Internacional de Formaci&#xF3;n en Ciencias Ambientales (Madrid)</subfield>
    <subfield code="9">166480</subfield>
  </datafield>
  <datafield tag="711" ind1="2" ind2=" ">
    <subfield code="a">Seminario sobre Ciencia, Investigaci&#xF3;n y Medio Ambiente </subfield>
    <subfield code="d">(1982.</subfield>
    <subfield code="c">Bogot&#xE1;)</subfield>
    <subfield code="9">166520</subfield>
  </datafield>
  <datafield tag="830" ind1="0" ind2=" ">
    <subfield code="a">Opiniones. Sectores espec&#xED;ficos ; </subfield>
    <subfield code="v">5</subfield>
    <subfield code="9">225753</subfield>
  </datafield>
  <datafield tag="852" ind1=" " ind2=" ">
    <subfield code="a">ES-MaACL</subfield>
    <subfield code="j">P-469-8</subfield>
  </datafield>
  <datafield tag="999" ind1=" " ind2=" ">
    <subfield code="c">188955</subfield>
    <subfield code="d">188955</subfield>
  </datafield>
  <datafield tag="952" ind1=" " ind2=" ">
    <subfield code="0">0</subfield>
    <subfield code="1">0</subfield>
    <subfield code="4">0</subfield>
    <subfield code="7">0</subfield>
    <subfield code="a">ATENEOM</subfield>
    <subfield code="b">ATENEOM</subfield>
    <subfield code="c">DEPO2</subfield>
    <subfield code="d">2019-03-05</subfield>
    <subfield code="e">SC</subfield>
    <subfield code="l">0</subfield>
    <subfield code="o">P-469-8</subfield>
    <subfield code="p">1200104</subfield>
    <subfield code="r">2023-02-23 00:00:00</subfield>
    <subfield code="w">2023-02-23</subfield>
    <subfield code="y">MONOGRAFIA</subfield>
  </datafield>
</record>
